00473nam a2200169 a 4500008004100000020001500041050001500056100001800071245003400089260003200123300002000155350000900175490003400184500003900218650002200257700002400279120416s1977 ||||||||||||||||| || u a0070362475 aHG 179 Lan aLang, Larry R10aStrategy for personal finance aNew YorkbMcGraw-Hillc1977 axiv, 594p.: ill a0.00 aMcGraw-Hill series in finance aIncludes bibliographies and index. aFINANCE, PERSONAL aGillespie, Thomas H